Process Selection:From Design to Manufacture, 2/ed (Record no. 318561)

000 -LEADER
fixed length control field 00412 a2200169 4500
001 - CONTROL NUMBER
control field 83488
020 ## - INTERNATIONAL STANDARD BOOK NUMBER
International Standard Book Number 9780750654371
082 ## - DEWEY DECIMAL CLASSIFICATION NUMBER
Classification number 670 SWI
090 ## - LOCALLY ASSIGNED LC-TYPE CALL NUMBER (OCLC); LOCAL CALL NUMBER (RLIN)
-- 40019
-- 40019
100 ## - MAIN ENTRY--PERSONAL NAME
Personal name Swift, K.G
245 ## - TITLE STATEMENT
Title Process Selection:From Design to Manufacture, 2/ed
250 ## - EDITION STATEMENT
Edition statement 2
260 ## - PUBLICATION, DISTRIBUTION, ETC.
Place of publication, distribution, etc. USA
Name of publisher, distributor, etc. Butterworth/Heinemann
Date of publication, distribution, etc. 2009
300 ## - PHYSICAL DESCRIPTION
Extent xvi, 316 p
500 ## - GENERAL NOTE
General note CAE Reference Books
505 ## - FORMATTED CONTENTS NOTE
Formatted contents note NUST Books
942 ## - ADDED ENTRY ELEMENTS (KOHA)
Institution code [OBSOLETE] NUST-CAE
Call number prefix 670 SWI
Holdings
Withdrawn status Lost status Damaged status Not for loan Collection code Permanent Location Current Location Date acquired Total Checkouts Full call number Barcode Date last seen Price effective from Koha item type
          College of Aeronautical Engineering (CAE) College of Aeronautical Engineering (CAE) 04/03/2017   670 SWI CAEN-5347 04/05/2017 04/05/2017 Book
          College of Aeronautical Engineering (CAE) College of Aeronautical Engineering (CAE) 04/03/2017   670 SWI CAEN-5351 04/05/2017 04/05/2017 Book
          College of Aeronautical Engineering (CAE) College of Aeronautical Engineering (CAE) 04/03/2017   670 SWI CAEN-5350 04/05/2017 04/05/2017 Book
          College of Aeronautical Engineering (CAE) College of Aeronautical Engineering (CAE) 04/03/2017   670 SWI CAEN-5349 04/05/2017 04/05/2017 Book
          College of Aeronautical Engineering (CAE) College of Aeronautical Engineering (CAE) 04/03/2017   670 SWI CAEN-5348 04/05/2017 04/05/2017 Book
© 2023 Central Library, National University of Sciences and Technology. All Rights Reserved.